Normal view
MARC view
- Vidal, Francine,
Entry Nombre Personal
001 - NUMERO DE CONTROL
- campo de control: 40226
003 - IDENTIFICADOR DE NUMERO DE CONTROL
- campo de control: UPN
005 - FECHA Y HORA DE LA ÜLTIMA TRANSACCIÓN
- campo de control: 20210219194554.0
008 - DATOS DE LONGITUD FIJA
- campo de control de longitud fija: nabaccnnaabn|||||||||| b |nc|||||d
035 ## - NUMERO DE CONTROL
- Número de control: UPN11000012333
040 ## - FUENTE DE CATALOGACIÓN
- Lenguaje de catalogación: SPA
- Agencia de transcripción: UPN
100 1# - ENCABEZAMIENTO - NOMBRE PERSONAL
- Nombre personal: Vidal, Francine,
- Fechas asociadas con el nombre: 1974 -
670 ## - FUENTE EN LA QUE SE LOCALIZARON DATOS
- Cita de la fuente: T
- Uniform Resource Identifier: https://www.babelio.com/auteur/Francine-Vidal/12174
680 ## - NOTA PUBLICA DE ACCESO PÚBLICO
- Frase explicativa de la referencia: Francia: Narradora y artista. En 2001 fundó la empresa Caracol. Ella crea y lleva a cabo en diversos espectáculos en Francia y en el extranjero
902 ## - CATALOGADOR
- Catalogador: EMR/010617
